Rodgers & Hammerstein Filmography - Statistics

General Stats
  • This quiz has been taken 12 times
  • The average score is 10 of 324
Answer Stats
Year Movie % Correct
1965 The Sound of Music
100%
1955 | 1999 Oklahoma!
78%
1956 | 1967 Carousel
56%
1957 | 1965 | 1997 Cinderella
44%
1929 | 1936 | 1951 Show Boat
44%
1958 | 2001 South Pacific
44%
2001 Moulin Rouge!
33%
1956 | 1999 | 2018 The King and I
33%
1961 Flower Drum Song
22%
1945 | 1962 State Fair
22%
1996 | 2004 Shall We Dance?
11%
1974 That's Entertainment!
11%
1996 Twister
11%
1993 Addams Family Values
0%
1985 Adventures of Tarzan
0%
1976 Alice, Sweet Alice
0%
2010 All Good Things
0%
2010 All Night Long
0%
2015 Aloha
0%
1999 American Beauty
0%
1973 American Graffiti
0%
1981 American Pop
0%
2003 American Splendor
0%
2000 American Women
0%
2001 Anja and Viktor
0%
1935 Annapolis Farewell
0%
1950 Annie Get Your Again
0%
1988 Another Woman
0%
2022 Armageddon Time
0%
2023 Asteroid City
0%
1999 At First Sight
0%
2009 Away We Go
0%
1973 Baxter!
0%
1963 Beat City
0%
1996 Beautiful Thing
0%
1998 Besieged
0%
2004 Beyond the Sea
0%
1939 Blondie Meets the Boss
0%
2002 Boat Trip
0%
2015 Body
0%
2007 Boxes
0%
2020 Boys State
0%
2024 Breathe
0%
2004 Bridget Jones: The Edge of Reason
0%
1988 Bright Lights, Big City
0%
1944 Broadway Rhythm
0%
1994 Bullets Over Broadway
0%
2015 By the Sea
0%
1995 Canadian Bacon
0%
2011 Carrie Fisher: Wishful Drinking
0%
2016 Cell
0%
2012 Celtic Woman: Believe
0%
1946 Centennial Summer
0%
1937 Champagne Waltz
0%
1982 Chan is Missing
0%
2003 Charlie's Angels: Full Throttle
0%
1976 Children
0%
1931 Children of Dreams
0%
2003 Chooch
0%
1996 City Hall
0%
1985 Cocoon
0%
2008 College Road Trip
0%
2002 Comedian
0%
2000 Condo Painting
0%
2004 Connie and Carla
0%
2021 CRAM
0%
1988 Crossing Delancey
0%
2000 Dancer in the Dark
0%
2007 Daphne
0%
TBD Darker Than You Think
0%
1993 Dave
0%
1997 Deconstructing Harry
0%
1954 Deep in My Heart
0%
TBD Der Torwart
0%
1991 Diary of a Hitman
0%
1999 Dudley Do-Right
0%
1989 Enemies, A Love Story
0%
2015 Experimenter
0%
2009 Fantastic Mr. Fox
0%
1997 Fathers' Day
0%
1998 Fear and Loathing in Las Vegas
0%
2013 Felony
0%
2018 First Man
0%
1999 Flawless
0%
1997 Flubber
0%
2001 Formula 51
0%
1990 Framed
0%
2008 French Film
0%
2011 Gegengerade
0%
2024 Ghostlight
0%
1936 Give Us This Night
0%
2020 Godmothered
0%
1997 Going All the Way
0%
1930 Golden Dawn
0%
1998 Goodbye Lover
0%
2006 Gray Matters
0%
2018 Green Book
0%
1975 | 2009 Grey Gardens
0%
2020 Hamilton
0%
1986 Heartburn
0%
1975 Hearts of the West
0%
1994 Heavenly Creatures
0%
1937 High, Wide and Handsome
0%
2000 History Lessons
0%
1949 Holiday in Havana
0%
1992 Honeymoon in Vegas
0%
1992 Husbands and Wives
0%
2018 I Can Only Imagine
0%
1937 I'll Take Romance
0%
2020 I'm Thinking of Ending Things
0%
1999 Introducing Dorothy Dandridge
0%
1948 I Surrender Dear
0%
2007 It Is Fine! Everything is Fine.
0%
2010 Jack Goes Boating
0%
2006 Jack Smith and the Destruction of Atlantis
0%
1957 Jeanne Eagels
0%
2017 Jim and Andy: The Great Beyond
0%
2002 Jimmy Scott: If Only You Knew
0%
1990 Joe Versus the Volcano
0%
2009 Johnny Mercer: The Dream's on Me
0%
2015 Joy
0%
1991 Jungle Fever
0%
1997 Kiss Me, Guido
0%
1941 Lady Be Good
0%
2019 Last Christmas
0%
1987 Les Patterson Saves the World
0%
1949 Look For the Silver Lining
0%
2021 Look Me Over: Liberace
0%
1990 Look Who's Talking Too
0%
2005 Lord of War
0%
1952 Lovely to Look At
0%
2000 Love's Labour's Lost
0%
2001 Lucky Break
0%
1993 Lush Life
0%
2014 Magic in the Moonlight
0%
1953 Main Street to Broadway
0%
2016 Manchester by the Sea
0%
1948 Manhattan Angel
0%
1999 Man on the Moon
0%
1996 Mars Attacks!
0%
2017 Marshall
0%
1998 Meet Joe Black
0%
2012 Mental
0%
1990 Mermaids
0%
1950 Mister 880
0%
1990 Mr. and Mrs. Bridge
0%
1995 Mr. Holland's Opus
0%
2005 Mrs. Henderson Presents
0%
2019 Mrs Lowry and Son
0%
2001 Mulholland Drive
0%
1934 Music in the Air
0%
1985 My American Cousin
0%
2001 My First Mister
0%
1993 My Life
0%
1998 My Summer With Des
0%
1993 Needful Things
0%
1930 | 1940 New Moon
0%
1989 New York Stories
0%
1984 Night Train to Murder
0%
1997 Nil by Mouth
0%
2021 Nobody
0%
2012 Not Fade Away
0%
2008 Of Time and the City
0%
1990 Old Explorers
0%
2013 One Chance
0%
2014 One Night in Istanbul
0%
1940 One Night in the Tropics
0%
1994 Only You
0%
2020 On the Rocks
0%
2014 Out of Nature
0%
2000 Passion of Mind
0%
1981 Paternity
0%
1997 Paws
0%
1994 Priest
0%
2020 Promising Young Woman
0%
1998 Psycho
0%
1999 Random Hearts
0%
2000 Ready to Rumble
0%
1935 Reckless
0%
2023 Red, White and Royal Blue
0%
2015 Roald Dahl's Esio Trot
0%
1935 Roberta
0%
2010 Romantics Anonymous
0%
1936 Rose-Marie
0%
1954 Rose Marie
0%
2005 Rumor Has It...
0%
1952 Scandal Sheet
0%
1981 Senior Trip
0%
1987 September
0%
2011 Shame
0%
1985 She'll Be Wearing Pink Pyjamas
0%
2022 Shotgun Wedding
0%
2007 ShowBusiness: The Road to Broadway
0%
2007 Shrek the Third
0%
2016 Sing
0%
2021 Sing 2
0%
2011 Sing Your Song
0%
2008 Sita Sings the Blues
0%
2013 Six by Sondheim
0%
1993 Sleepless in Seattle
0%
1981 Soldier Girls
0%
1930 Songs of the West
0%
2017 Speech and Debate
0%
1998 Sphere
0%
1984 Stanley: Every Home Should Have One
0%
1988 Stars and Bars
0%
2010 Step Up 3D
0%
2005 Stranded in Canton
0%
1930 | 1941 Sunny
0%
1934 Sweet Adeline
0%
2020 Sylvie's Love
0%
1946 Talk About a Lady
0%
2019 Tall Girl
0%
2010 Temple Grandin
0%
1945 Ten Cents a Dance
0%
1985 That's Dancing!
0%
1994 That's Entertainment! III
0%
1976 That's Entertainment, Part II
0%
1991 The Addams Family
0%
1994 The Adventures of Priscilla, Queen of the Desert
0%
1995 The American President
0%
2023 Theater Camp
0%
2006 The Beales of Grey Gardens
0%
2004 The Big Bounce
0%
2002 The Cockettes
0%
2009 The Cry of the Owl
0%
2008 The Curious Case of Benjamin Button
0%
1939 | 1943 | 1953 The Desert Song
0%
2015 The Dressmaker
0%
2020 The End of the Storm
0%
1946 The Gentlemen Misbehaves
0%
2012 The Girl
0%
2007 The Girl in the Park
0%
2006 The Good Shepherd
0%
1974 The Great Gatsby
0%
1965 The Great Race
0%
1938 The Great Waltz
0%
1936 The Great Ziegfield
0%
2018 The Grinch
0%
1957 The Helen Morgan Story
0%
2023 The Hottest Summer
0%
2011 The Iron Lady
0%
1993 The Joy Luck Club
0%
2020 The King of Staten Island
0%
1938 The Lady Objects
0%
2020 The Last Thing He Wanted
0%
1954 The Last Time I Saw Paris
0%
2024 Thelma
0%
1938 The Lone Wolf in Paris
0%
2020 The Main Event
0%
1942 The Male Animal
0%
1946 The Man I Love
0%
2001 The Man Who Wasn't There
0%
2021 The Many Saints of Newark
0%
1994 The Mask
0%
1951 The Metro-Goldwyn-Mayer Story
0%
1950 The Miniver Story
0%
1999 The Mod Squad
0%
2011 The Music Never Stopped
0%
1935 The Night is Young
0%
1978 The One and Only
0%
2005 The Pacifier
0%
1986 The Pink Chiquitas
0%
1997 The Planet of Junior Brown
0%
1997 The Postman
0%
1968 The Queen
0%
1998 The Rat Pack
0%
1990 The Rookie
0%
2003 The Saddest Music in the World
0%
1933 The Secret of Madame Blanche
0%
1987 The Secret of My Success
0%
1989 The Show Boat Story
0%
1930 The Song of the Flame
0%
2010 The Sons of Tennessee Williams
0%
2013 The Sound of Music Live!
0%
2021 The Sparks Brothers
0%
2004 The Stepford Wives
0%
1951 The Strip
0%
1930 The Three Sisters
0%
2013 The Wolf of Wall Street
0%
1993 This Boy's Life
0%
1992 Thumbelina
0%
2021 tick, tick...BOOM!
0%
1946 Till the Clouds Roll By
0%
1987 Tin Men
0%
2003 Tokyo Godfathers
0%
1982 Trail of the Pink Panther
0%
1994 True Lies
0%
2000 U-571
0%
2002 Unconditional Love
0%
2001 Vanilla Sky
0%
1930 Viennese Nights
0%
2014 Walk On
0%
2010 Wall Street: Money Never Sleeps
0%
1945 War Comes to America
0%
2005 Warm Springs
0%
2014 Welcome to Me
0%
1997 Welcome to Woop Woop
0%
2015 What Happened, Miss Simone?
0%
2012 What If...
0%
2000 What Women Want
0%
1989 When Harry Met Sally...
0%
1972 Where Does it Hurt?
0%
1930 Whoopee!
0%
2006 Wordplay
0%
2008 Wrangler: Anatomy of an Icon
0%
1993 Wrestling Ernest Hemingway
0%
2017 You'll Never Walk Alone
0%
No matching quizzes found
Score Distribution
Percent of People with Each Score
Percentile by Number Answered
Your Score History
You have not taken this quiz